00390nam a22001457a 450000500170000001000130001702000220003003500130005203700250006508200150009010000200010524500370012526000420016230000400020420190411163620.0 aB-122284 a8123011423c75.00 aB-122284 bPublication Division a629.450092 aMahanti, Subodh aKalpana Chawla /cSubodh Mahanti aNew DelhibPublication Divisionc2004 a139p. (it include index)c22cm(pbk)